[Event "PRO League Group Stage"]
[Site "chess.com INT"]
[Date "2019.01.17"]
[Round "2"]
[White "Volkov, Nika"]
[Black "Dobrov, Vladimir"]
[Result "1-0"]
[BlackTitle "GM"]
[WhiteElo "2153"]
[BlackElo "2478"]
[WhiteTeam "Tbilisi Gentlemen"]
[BlackTeam "Moscow Wizards"]
[WhiteFideId "13604376"]
[BlackFideId "4136594"]
[EventDate "2019.01.08"]

1. d4 Nf6 2. c4 e6 3. Nc3 Bb4 4. e3 d5 5. Nf3 O-O 6. cxd5 exd5 7. Bd3 Bd6 8. h3
Re8 9. O-O a6 10. b3 Nbd7 11. Bb2 Nf8 12. Re1 Ng6 13. Qc2 Be6 14. Rad1 c6 15.
Ng5 Bd7 16. f4 Rxe3 17. Rxe3 Bxf4 18. Re5 Nxe5 19. dxe5 Bxg5 20. exf6 g6 21. Rf1
Qb6+ 22. Kh1 Re8 23. Ba3 Qd4 24. Be7 Rxe7 25. fxe7 Bxe7 26. Qf2 Qxf2 27. Rxf2 h5
28. Ne2 Kg7 29. Nf4 h4 30. Rc2 Bd6 31. Ne2 f5 32. Nc3 Kf6 33. Na4 Ke5 34. Kg1
Kd4 35. Be2 g5 36. Kf2 Bg3+ 37. Kf1 Bd6 38. Rd2+ Ke5 39. Kf2 b5 40. Nb2 Bc5+ 41.
Kf1 Be3 42. Nd3+ Kd6 43. Rd1 c5 44. Bf3 Be6 45. Ke2 f4 46. Bg4 Bf7 47. Ne1 Ke5
48. Nf3+ Kf6 49. Bc8 a5 50. Bb7 d4 51. Ba6 a4 52. Bxb5 axb3 53. axb3 Bxb3 54.
Ra1 c4 55. Ra6+ Ke7 56. Nd2 d3+ 57. Ke1 g4 58. Nxb3 f3 59. Kf1 fxg2+ 60. Kxg2
gxh3+ 61. Kxh3 cxb3 62. Bxd3 b2 63. Kxh4 Kd7 64. Kg4 Ke7 65. Kf3 Bd4 66. Ke4 Bc3
67. Kd5 Kf7 68. Rc6 Bh8 69. Bb1 Ke7 70. Rh6 Bg7 71. Re6+ Kd7 72. Rg6 Bc3 73. Rg3
Bh8 74. Rh3 Bf6 75. Rh7+ Kc8 76. Kc6 Kd8 77. Bg6 Bc3 78. Rd7+ Kc8 79. Bf5 Kb8
80. Kb6 Bf6 81. Rb7+ Ka8 82. Be4 Bd4+ 83. Ka6 1-0

[Event "PRO League Group Stage"]
[Site "chess.com INT"]
[Date "2019.01.17"]
[Round "2"]
[White "Ganguly, Surya Shekhar"]
[Black "Maghsoodloo, Parham"]
[Result "1/2-1/2"]
[WhiteTitle "GM"]
[BlackTitle "GM"]
[WhiteElo "2638"]
[BlackElo "2679"]
[WhiteTeam "Mumbai Movers"]
[BlackTeam "Armenia Eagles"]
[WhiteFideId "5002150"]
[BlackFideId "12539929"]
[EventDate "2019.01.08"]

1. Nf3 Nf6 2. g3 d5 3. Bg2 c6 4. O-O h6 5. d3 Bf5 6. c4 dxc4 7. Ne5 Nbd7 8. Nxc4
e5 9. Nbd2 Be7 10. b4 O-O 11. a3 Qc7 12. Bb2 Rfe8 13. Rc1 a6 14. Rc2 Rac8 15.
Qa1 Bf8 16. e4 Bg4 17. Re1 Qb8 18. d4 exd4 19. Bxd4 Be6 20. e5 Nd5 21. Ne4 Bf5
22. Rce2 Bxe4 23. Bxe4 Rcd8 24. Bf5 c5 25. Bxd7 Rxd7 26. bxc5 Qc7 27. Nd6 Re6
28. Qb1 Qc6 29. Qf5 b6 30. cxb6 Nxb6 31. Rc2 Qd5 32. Bxb6 Rdxd6 33. Bc5 Qd3 34.
Qxd3 Rxd3 35. Bb4 Bxb4 36. axb4 g5 37. Re4 Kg7 38. g4 Rd5 39. Rc5 Rxc5 40. bxc5
Rc6 41. Rc4 a5 42. Kg2 a4 43. Kf3 a3 44. Ke4 a2 45. Ra4 Rxc5 46. Rxa2 Rc4+ 47.
Kf3 Rf4+ 48. Kg3 Re4 49. Ra5 Re1 50. Rd5 Kg6 51. Rb5 Kg7 52. Kf3 Kg6 53. Kg3 Kg7
54. f3 Re2 55. h4 Kg6 56. h5+ Kg7 57. Ra5 Kg8 58. Ra8+ Kg7 59. Re8 Kh7 60. Re7
Kg7 61. Re8 Kh7 62. e6 Rxe6 63. Rxe6 fxe6 64. Kf2 Kg7 65. Ke3 Kf7 66. Ke4 Ke8
67. Kd4 Kd8 68. Kc4 Ke7 69. Kc5 Kd7 70. Kd4 Ke8 71. Kc4 Kd8 72. Kb5 Kc7 73. Kc5
Kd7 74. Kd4 Ke8 75. Ke4 Kf8 76. Kd3 Ke8 77. Kd4 Kd8 78. Kc5 Kd7 79. Kd4 Kd8 1/2-1/2

[Event "PRO League Group Stage"]
[Site "chess.com INT"]
[Date "2019.01.17"]
[Round "2"]
[White "Adhiban, Baskaran"]
[Black "Andriasian, Zaven"]
[Result "1-0"]
[WhiteTitle "GM"]
[BlackTitle "GM"]
[WhiteElo "2689"]
[BlackElo "2604"]
[WhiteTeam "Mumbai Movers"]
[BlackTeam "Armenia Eagles"]
[WhiteFideId "5018471"]
[BlackFideId "13302000"]
[EventDate "2019.01.08"]

1. e4 c5 2. Nc3 a6 3. Nf3 d6 4. d4 cxd4 5. Nxd4 Nf6 6. Bg5 e6 7. f4 Qb6 8. a3
Nc6 9. Nb3 Qe3+ 10. Qe2 Qxe2+ 11. Bxe2 Be7 12. O-O-O Nd7 13. Rd2 Nc5 14. Nxc5
Bxg5 15. fxg5 dxc5 16. Na4 Nd4 17. Bd1 e5 18. Nxc5 Ne6 19. Rd5 b6 20. Na4 Rb8
21. Rxe5 Ra8 22. Nxb6 Rb8 23. Nxc8 Rxc8 24. Bg4 Rc5 25. Rxc5 Nxc5 26. b4 Na4 27.
c4 h5 28. gxh6 Rxh6 29. Kc2 Ke7 30. c5 1-0

[Event "PRO League Group Stage"]
[Site "chess.com INT"]
[Date "2019.01.17"]
[Round "2"]
[White "Baghdasaryan, Vahe"]
[Black "Aakanksha, Hagawane"]
[Result "1-0"]
[WhiteTitle "GM"]
[BlackTitle "WIM"]
[WhiteElo "2354"]
[BlackElo "2259"]
[WhiteTeam "Armenia Eagles"]
[BlackTeam "Mumbai Movers"]
[WhiteFideId "13303139"]
[BlackFideId "25014510"]
[EventDate "2019.01.08"]

1. e4 e5 2. Nf3 Nc6 3. Bc4 Nf6 4. d3 Bc5 5. O-O d6 6. c3 Bb6 7. Nbd2 h6 8. Re1
Ng4 9. Re2 Qe7 10. h3 Nf6 11. Nf1 g5 12. Ng3 Bd7 13. b4 a5 14. b5 Nd8 15. d4 g4
16. Nh4 Ne6 17. Bxe6 Bxe6 18. Nhf5 Qf8 19. Ba3 Nd7 20. h4 O-O-O 21. Qa4 Rg8 22.
Rd1 Rg6 23. Red2 Bxf5 24. Nxf5 Re6 25. Qc4 Kb8 26. Qe2 exd4 27. cxd4 Rde8 28. e5
Qh8 29. Qxg4 dxe5 30. d5 Rg6 31. Qh3 Reg8 32. g3 Nf6 33. d6 Ne4 34. dxc7+ Ka7
35. Kg2 Nxd2 36. Rxd2 Bxc7 37. Ne7 Rd8 38. Nxg6 fxg6 39. Rd7 Bb6 40. Be7 Rxd7
41. Qxd7 Qg7 42. Qe6 Bd4 43. Bd6 g5 44. h5 g4 45. a4 Qg5 46. Qc8 1-0

[Event "PRO League Group Stage"]
[Site "chess.com INT"]
[Date "2019.01.17"]
[Round "2"]
[White "Sargsyan, Anna M."]
[Black "Sadhwani, Raunak"]
[Result "0-1"]
[WhiteTitle "WFM"]
[BlackTitle "IM"]
[WhiteElo "2339"]
[BlackElo "2451"]
[WhiteTeam "Armenia Eagles"]
[BlackTeam "Mumbai Movers"]
[WhiteFideId "13308130"]
[BlackFideId "35093487"]
[EventDate "2019.01.08"]

1. d4 d6 2. Nf3 g6 3. c4 Bg7 4. Nc3 e5 5. dxe5 dxe5 6. Qxd8+ Kxd8 7. Bg5+ f6 8.
O-O-O+ Bd7 9. Be3 Nc6 10. g3 Nge7 11. Bh3 Nf5 12. Nh4 Ke8 13. Rxd7 Kxd7 14. Nxf5
gxf5 15. Bxf5+ Ke8 16. Nd5 Kf7 17. Nxc7 Rad8 18. h4 h5 19. Ne6 Rd6 20. Nxg7 Kxg7
21. Bc5 Rdd8 22. e3 b6 23. Ba3 a5 24. Be4 Nb4 25. Bxb4 axb4 26. Kc2 Rhf8 27. Re1
f5 28. Bd5 b5 29. b3 Rf6 30. Rd1 Rfd6 31. Kb2 Kf6 32. f3 R6d7 33. e4 bxc4 34.
bxc4 Rg7 35. Rg1 f4 36. g4 hxg4 37. fxg4 Rh8 38. c5 Rxh4 39. c6 Kg5 40. Be6 Rc7
41. Bd7 Rh3 42. Rd1 f3 43. Rf1 Kf4 44. g5 Rg3 45. Kb3 Rxg5 46. Kxb4 Rg7 47. Kb5
Rgxd7 48. cxd7 Rxd7 49. a4 Kxe4 50. a5 Ke3 51. a6 f2 52. Kc6 Ra7 53. Kb6 Rxa6+
54. Kxa6 Ke2 0-1

[Event "PRO League Group Stage"]
[Site "chess.com INT"]
[Date "2019.01.17"]
[Round "2"]
[White "Meshkovs, Nikita"]
[Black "Harikrishna, Pentala"]
[Result "1/2-1/2"]
[WhiteTitle "GM"]
[BlackTitle "GM"]
[WhiteElo "2557"]
[BlackElo "2730"]
[WhiteTeam "Estonia Horses"]
[BlackTeam "Delhi Dynamite"]
[WhiteFideId "11602740"]
[BlackFideId "5007003"]
[EventDate "2019.01.08"]

1. Nf3 d5 2. d4 Nf6 3. c4 e6 4. g3 dxc4 5. Bg2 c5 6. Na3 cxd4 7. Nxc4 Nc6 8. O-O
Bc5 9. Bd2 O-O 10. Rc1 Qe7 11. Nfe5 Nxe5 12. Nxe5 Bd6 13. Nc4 e5 14. Nxd6 Qxd6
15. Qb3 Be6 16. Bb4 Qa6 17. Qa3 Qxa3 18. Bxa3 Rfd8 19. Bxb7 Rab8 20. Bc6 h6 21.
b3 Nd5 22. Bxd5 Rxd5 23. Rc5 Rxc5 24. Bxc5 Rb5 25. Bxa7 Ra5 26. Bb8 f6 27. a4
Bxb3 28. Ra1 Bxa4 29. f3 Ra6 30. Kf2 Kf7 31. g4 g5 32. Ke1 Ke7 33. Kd2 Kd7 34.
e3 Ra8 35. exd4 exd4 36. Bg3 Ke6 37. h4 Kd5 38. hxg5 hxg5 39. f4 Ke4 40. fxg5
fxg5 41. Bd6 Ra6 42. Be7 Kf4 43. Rf1+ Kxg4 44. Rg1+ Kf4 45. Bxg5+ Kf5 46. Be7
Ke6 47. Rg6+ Kxe7 48. Rxa6 1/2-1/2

[Event "PRO League Group Stage"]
[Site "chess.com INT"]
[Date "2019.01.17"]
[Round "2"]
[White "Ehlvest, Jaan"]
[Black "Gupta, Abhijeet"]
[Result "0-1"]
[WhiteTitle "GM"]
[BlackTitle "GM"]
[WhiteElo "2521"]
[BlackElo "2581"]
[WhiteTeam "Estonia Horses"]
[BlackTeam "Delhi Dynamite"]
[WhiteFideId "4500016"]
[BlackFideId "5010608"]
[EventDate "2019.01.08"]

1. e4 c5 2. Nf3 d6 3. d4 cxd4 4. Nxd4 Nf6 5. Nc3 Nc6 6. Be2 e5 7. Nxc6 bxc6 8.
O-O Be7 9. Bf3 O-O 10. b3 Bb7 11. Qe2 Qc7 12. Bb2 Rfe8 13. Rad1 Rad8 14. Na4 d5
15. exd5 e4 16. Bxe4 cxd5 17. Bd3 Bd6 18. Qf3 Bxh2+ 19. Kh1 d4 20. Qh3 Re5 21.
Bxh7+ Nxh7 22. Qxh2 Bxg2+ 23. Kxg2 Qc6+ 24. f3 Re2+ 0-1

[Event "PRO League Group Stage"]
[Site "chess.com INT"]
[Date "2019.01.17"]
[Round "2"]
[White "Grover, Sahaj"]
[Black "Ladva, Ottomar"]
[Result "1/2-1/2"]
[WhiteTitle "GM"]
[BlackTitle "GM"]
[WhiteElo "2511"]
[BlackElo "2497"]
[WhiteTeam "Delhi Dynamite"]
[BlackTeam "Estonia Horses"]
[WhiteFideId "5021103"]
[BlackFideId "4500024"]
[EventDate "2019.01.08"]

1. e4 g6 2. d4 Bg7 3. Nf3 d6 4. Bc4 Nf6 5. Qe2 O-O 6. O-O Bg4 7. h3 Bxf3 8. Qxf3
Nc6 9. c3 e5 10. Be3 Nh5 11. Rd1 Qh4 12. Qg4 Qxg4 13. hxg4 Nf6 14. f3 exd4 15.
cxd4 d5 16. Bb3 dxe4 17. g5 Ne8 18. fxe4 Rd8 19. e5 Ne7 20. Nc3 c6 21. Ne4 Nc7
22. Nf6+ Bxf6 23. gxf6 Nf5 24. Bf2 h5 25. Rd3 Rd7 26. Rad1 Rfd8 27. R1d2 Ne6 28.
d5 Nf4 29. e6 Nxd3 30. exd7 Nxf2 31. dxc6 bxc6 32. Kxf2 Nh6 33. Bd1 Kf8 34. Bf3
Ng8 35. Rd6 Nxf6 36. Rxf6 Rxd7 37. Rxc6 Rd2+ 38. Kg3 Rxb2 39. Ra6 Kg7 40. Rxa7
Kh6 41. a4 f5 42. Kf4 Rb4+ 43. Ke5 Kg5 44. a5 Rb5+ 45. Ke6 Kf4 46. a6 Ra5 47.
Kf6 g5 48. Be2 g4 49. Rh7 Ra2 50. Rxh5 Rxe2 51. Rxf5+ Kg3 52. Ra5 Re8 53. a7 Ra8
54. Ra2 Kh2 55. Kf5 g3 56. Kf4 Rf8+ 57. Ke3 Re8+ 58. Kd4 Ra8 59. Kd3 Rd8+ 60.
Ke3 Re8+ 61. Kf4 Rf8+ 62. Ke5 Re8+ 63. Kf6 Rf8+ 64. Ke5 Re8+ 65. Kd4 Ra8 66. Kd5
Kg1 67. Ke5 Kh2 68. Kd5 Kg1 69. Kd4 Kh2 70. Kd5 Kg1 71. Ke6 Kh2 72. Ke5 Kg1 73.
Ke4 Kh2 74. Kf3 Rf8+ 75. Ke3 Re8+ 76. Kd4 Rd8+ 77. Kc5 Rh8 78. Kb6 Rh6+ 79. Kc5
Rh8 80. Rd2 Rh5+ 81. Kb6 Rh6+ 82. Kc7 Rh7+ 83. Kb6 Rh6+ 84. Kb5 Rh5+ 85. Kb4
Rh4+ 86. Ka5 Rh5+ 87. Ka6 Rh6+ 88. Kb7 Rh7+ 89. Kb6 Rh6+ 90. Kc5 Ra6 91. Rd7
Kxg2 92. Kb5 Rxa7 93. Rxa7 Kf2 94. Rf7+ Ke2 95. Rg7 Kf2 96. Rf7+ Ke2 97. Re7+
Kf2 98. Rf7+ Ke2 99. Rg7 Kf2 100. Kc4 g2 101. Kd3 g1=Q 102. Rxg1 Kxg1 1/2-1/2

[Event "PRO League Group Stage"]
[Site "chess.com INT"]
[Date "2019.01.17"]
[Round "2"]
[White "Srija, Seshadri"]
[Black "Narva, Mai"]
[Result "0-1"]
[WhiteTitle "WIM"]
[BlackTitle "WIM"]
[WhiteElo "2210"]
[BlackElo "2347"]
[WhiteTeam "Delhi Dynamite"]
[BlackTeam "Estonia Horses"]
[WhiteFideId "5055903"]
[BlackFideId "4500512"]
[EventDate "2019.01.08"]

1. e4 c5 2. Nf3 Nc6 3. d4 cxd4 4. Nxd4 Nf6 5. Nc3 d6 6. Bg5 e6 7. Qd2 a6 8.
O-O-O Bd7 9. f4 b5 10. Bxf6 gxf6 11. Kb1 Qb6 12. Nxc6 Bxc6 13. f5 b4 14. Ne2 e5
15. Ng3 h5 16. h4 Qc5 17. Qe2 Ke7 18. Nxh5 Bb5 19. Qg4 Rc8 20. Bxb5 Qxc2+ 21.
Ka1 axb5 22. Nxf6 Bh6 23. Nd5+ Kf8 24. f6 Rg8 25. Qd7 Rxg2 26. Qxd6+ Kg8 27.
Ne7+ Kh7 28. Qxb4 Bc1 0-1

[Event "PRO League Group Stage"]
[Site "chess.com INT"]
[Date "2019.01.17"]
[Round "2"]
[White "Andreikin, Dmitry"]
[Black "Ponkratov, Pavel"]
[Result "1/2-1/2"]
[WhiteTitle "GM"]
[BlackTitle "GM"]
[WhiteElo "2725"]
[BlackElo "2630"]
[WhiteTeam "Volga Stormbringers"]
[BlackTeam "Moscow Phoenix"]
[WhiteFideId "4158814"]
[BlackFideId "4157800"]
[EventDate "2019.01.08"]

1. b3 Nf6 2. Bb2 g6 3. g3 Bg7 4. Bg2 O-O 5. c4 d6 6. d4 c5 7. Nf3 Qa5+ 8. Bc3
Qc7 9. O-O Ne4 10. Bb2 Nc6 11. Nbd2 Bf5 12. e3 Qa5 13. Nxe4 Bxe4 14. Ne1 Bxg2
15. Kxg2 cxd4 16. exd4 d5 17. c5 b6 18. cxb6 Qxb6 19. Nf3 Rfc8 20. Rc1 Nb4 21.
a3 Rxc1 22. Qxc1 Nd3 23. Qc3 Qa6 24. Rd1 Nxb2 25. Qxb2 Rb8 26. Rc1 Qb6 27. b4 e6
28. Qc3 a5 29. bxa5 Qa7 30. Qc5 Ra8 31. Qxa7 Rxa7 32. Rc8+ Bf8 33. Ne5 Kg7 34.
Nc6 Ra6 35. a4 Ba3 36. f4 h6 37. h4 g5 38. fxg5 hxg5 39. hxg5 Kg6 40. Rg8+ Kh7
41. Rc8 Kg6 42. Ne5+ Kxg5 43. Nxf7+ Kf5 44. Kf3 Rxa5 45. Rh8 Kf6 46. Ne5 Rxa4
47. Rh6+ Kg7 48. Rg6+ Kf8 49. Rxe6 Rxd4 50. g4 Bc1 51. Rc6 Rd1 52. Rc7 Rf1+ 53.
Kg2 Rd1 54. Kf3 Rf1+ 55. Ke2 Rh1 56. Ng6+ Ke8 57. Re7+ Kd8 58. Re5 d4 59. Rd5+
Ke8 60. Rxd4 Kf7 61. Ne5+ Ke6 62. Nf3 Bh6 63. Re4+ Kf7 64. Ra4 Rb1 65. Ra7+ Kg6
66. Ra6+ Kh7 67. g5 Bxg5 68. Nxg5+ Kg7 69. Kf3 Kf8 70. Kf4 Ke8 71. Ra7 Rf1+ 72.
Ke5 Re1+ 73. Ne4 Kd8 74. Rh7 Ra1 75. Nf6 Re1+ 76. Kd6 Rd1+ 77. Nd5 Ke8 78. Re7+
Kf8 79. Ra7 Ke8 80. Ra3 Kf7 81. Rg3 Rd2 82. Rg1 Ra2 83. Rf1+ Kg6 84. Nf4+ Kg5
85. Ke5 Ra5+ 86. Nd5 Kg4 87. Rf4+ Kg5 88. Rf3 Kg4 89. Rb3 Kh4 90. Ke4 Kg4 91.
Rb1 Ra4+ 92. Ke5 Ra5 93. Rg1+ Kf3 94. Rd1 Kg4 95. Rd3 Kg5 96. Rg3+ Kh4 97. Rg8
Ra1 98. Ne3 Ra5+ 99. Kf4 Ra4+ 100. Kf3 Kh5 101. Nd5 Ra3+ 102. Kf4 Ra4+ 103. Kf5
Kh4 104. Nf6 Ra5+ 105. Kf4 Ra4+ 106. Ne4 Kh5 107. Rg5+ Kh6 108. Rg2 Ra1 109. Nd6
Ra4+ 110. Kf5 Ra5+ 111. Kf6 Kh5 112. Nc4 Ra6+ 113. Kf5 Kh4 114. Ne5 Ra5 115. Rg8
Rb5 116. Ke4 Rb4+ 117. Ke3 Rb3+ 118. Kf4 Rb4+ 119. Kf5 1/2-1/2

[Event "PRO League Group Stage"]
[Site "chess.com INT"]
[Date "2019.01.17"]
[Round "2"]
[White "Abdusattorov, Nodirbek"]
[Black "Kryakvin, Dmitry"]
[Result "1/2-1/2"]
[WhiteTitle "GM"]
[BlackTitle "GM"]
[WhiteElo "2560"]
[BlackElo "2588"]
[WhiteTeam "Volga Stormbringers"]
[BlackTeam "Moscow Phoenix"]
[WhiteFideId "14204118"]
[BlackFideId "4153278"]
[EventDate "2019.01.08"]

1. e4 e6 2. d4 d5 3. Bd3 dxe4 4. Bxe4 Nf6 5. Bf3 c5 6. Ne2 Be7 7. O-O O-O 8. Be3
Qa5 9. Nd2 Rd8 10. dxc5 Bxc5 11. Bxc5 Qxc5 12. Ne4 Qe7 13. Qc1 Nxe4 14. Bxe4 Nc6
15. Qe3 Bd7 16. Rfd1 Be8 17. c4 Rxd1+ 18. Rxd1 Rd8 19. Rxd8 Qxd8 20. Nc3 b6 21.
h3 h6 22. b3 Qd4 23. Qxd4 Nxd4 24. f4 Kf8 25. Kf2 Bc6 26. Ke3 Bxe4 27. Nxe4 Nc6
28. a3 f5 29. Nd2 Ke7 30. Nf3 g5 31. g3 Kf6 32. b4 e5 33. fxg5+ hxg5 34. g4 Ne7
35. Nd2 Ke6 36. Nf3 Kf6 37. Nd2 Ke6 38. gxf5+ Nxf5+ 39. Kf3 Nd6 40. c5 bxc5 41.
bxc5 Nb5 42. Ne4 Nxa3 43. Nxg5+ Kf5 44. Ne4 Nb5 45. h4 Nd4+ 46. Ke3 Kg4 47. Nc3
a5 48. Ke4 Kxh4 49. Kxe5 Nc6+ 50. Kd5 Nb4+ 51. Kc4 Kg5 52. Na2 Nc6 53. Kd5 Ne7+
54. Ke6 Nc6 55. Kd6 Nb4 56. Nc3 Kf5 57. Kc7 Na6+ 58. Kb6 Nxc5 59. Kxc5 a4 60.
Nb5 a3 61. Nxa3 1/2-1/2

[Event "PRO League Group Stage"]
[Site "chess.com INT"]
[Date "2019.01.17"]
[Round "2"]
[White "Afanasiev, Nikita"]
[Black "Ivlev, Aleksey"]
[Result "1-0"]
[WhiteTitle "FM"]
[BlackTitle "FM"]
[WhiteElo "2508"]
[BlackElo "2326"]
[WhiteTeam "Moscow Phoenix"]
[BlackTeam "Volga Stormbringers"]
[WhiteFideId "24183555"]
[BlackFideId "24185949"]
[EventDate "2019.01.08"]

1. g3 d5 2. Bg2 Nf6 3. Nf3 c6 4. O-O g6 5. d3 Bg7 6. Nbd2 O-O 7. e4 dxe4 8. dxe4
Na6 9. h3 Qc7 10. Qe2 e5 11. Nc4 Re8 12. Rd1 b5 13. Nd6 Re6 14. Nxc8 Rxc8 15. a4
Nc5 16. axb5 cxb5 17. Nd2 a6 18. Nf1 Rd6 19. Rxd6 Qxd6 20. Bd2 Na4 21. b3 Nc3
22. Qe1 b4 23. Ra5 Bf8 24. Bxc3 Rxc3 25. Qe2 Qc7 26. Rxa6 Rxc2 27. Qb5 Nh5 28.
Ne3 Rc1+ 29. Kh2 Qc3 30. Ng4 Qe1 31. h4 Qg1+ 32. Kh3 Rc3 33. Qxe5 Rc8 34. Ra7
Bc5 35. Nh6+ 1-0

[Event "PRO League Group Stage"]
[Site "chess.com INT"]
[Date "2019.01.17"]
[Round "2"]
[White "Novikov, Konstantin"]
[Black "Assaubayeva, Bibisara"]
[Result "0-1"]
[BlackTitle "FM"]
[WhiteElo "2287"]
[BlackElo "2372"]
[WhiteTeam "Moscow Phoenix"]
[BlackTeam "Volga Stormbringers"]
[WhiteFideId "24163554"]
[BlackFideId "13708694"]
[EventDate "2019.01.08"]

1. e4 e5 2. Nf3 Nc6 3. Bb5 a6 4. Ba4 Nf6 5. O-O b5 6. Bb3 Bb7 7. c3 Nxe4 8. d4
exd4 9. Re1 d5 10. Nbd2 Be7 11. Bxd5 Qxd5 12. Nxe4 O-O-O 13. cxd4 Nxd4 14. Nxd4
Qxd4 15. Qg4+ Qd7 16. Qxd7+ Rxd7 17. Bf4 Bb4 18. Re2 Rhd8 19. f3 Ba5 20. Kf2
Bb6+ 21. Kg3 f5 22. Ng5 h6 23. Ne6 g5 24. Nxd8 gxf4+ 25. Kxf4 Rxd8 26. Kxf5 Bd5
27. b3 Bd4 28. Rd1 c5 29. Re7 Rf8+ 30. Kg4 Rg8+ 31. Kh3 Kd8 32. Ra7 Be6+ 33. g4
h5 34. Rxa6 hxg4+ 35. Kh4 Bc8 36. Rd6+ Kc7 37. R6xd4 cxd4 38. f4 Rd8 39. Kg5
Rd5+ 40. Kg6 d3 41. Rd2 b4 42. Kf6 Rf5+ 43. Ke7 Ba6 44. Rd1 Rxf4 45. Rc1+ Kb6
46. Kd6 Rd4+ 47. Ke5 Rd8 0-1

[Event "PRO League Group Stage"]
[Site "chess.com INT"]
[Date "2019.01.17"]
[Round "2"]
[White "Jobava, Baadur"]
[Black "Sjugirov, Sanan"]
[Result "0-1"]
[WhiteTitle "GM"]
[BlackTitle "GM"]
[WhiteElo "2629"]
[BlackElo "2663"]
[WhiteTeam "Tbilisi Gentlemen"]
[BlackTeam "Moscow Wizards"]
[WhiteFideId "13601520"]
[BlackFideId "4189302"]
[EventDate "2019.01.08"]

1. b3 Nf6 2. Bb2 g6 3. c4 Bg7 4. g3 c5 5. Bg2 O-O 6. Nf3 d6 7. d4 Ne4 8. Nfd2
Nxd2 9. Qxd2 Nc6 10. Bxc6 bxc6 11. dxc5 Bxb2 12. Qxb2 Qa5+ 13. Nc3 Qxc5 14. O-O
Qe5 15. Rfd1 Bb7 16. Rd3 f5 17. e3 g5 18. Qd2 Qg7 19. Re1 c5 20. Nd5 Rf7 21. f4
h6 22. Qc3 Qg6 23. Qa5 Kh7 24. Qd2 Rg8 25. Qf2 Qe6 26. Nc3 Qc8 27. h3 Qc6 28.
Kh2 a6 29. Red1 Rg6 30. Rd5 Rfg7 31. fxg5 Rxg5 32. Ne2 Qc8 33. h4 Bxd5 34. Rxd5
Rg4 35. Rxf5 Qe6 36. Rf8 Qe4 37. h5 R4g5 38. Nf4 Rxg3 39. Ng6 R3xg6 40. hxg6+
Qxg6 41. Qf5 Qxf5 42. Rxf5 Kg8 43. Rf2 Rg5 44. Rf3 Kg7 45. Rf2 Rg6 46. Rf3 Rf6
47. Rg3+ Kf7 48. Rg2 Ke6 49. Kg1 Ke5 50. Rg7 Ke6 51. Kg2 Rf5 52. Rg6+ Ke5 53.
Rxh6 Ke4 54. Rh7 Re5 55. Rh8 Kxe3 56. Ra8 Rg5+ 57. Kf1 Rf5+ 58. Kg1 Kd3 59. Rxa6
Rf6 60. Rc6 e5 61. b4 e4 62. bxc5 e3 63. Rxd6+ Rxd6 64. cxd6 e2 0-1

[Event "PRO League Group Stage"]
[Site "chess.com INT"]
[Date "2019.01.17"]
[Round "2"]
[White "Jojua, Davit"]
[Black "Savchenko, Boris"]
[Result "0-1"]
[WhiteTitle "GM"]
[BlackTitle "GM"]
[WhiteElo "2588"]
[BlackElo "2562"]
[WhiteTeam "Tbilisi Gentlemen"]
[BlackTeam "Moscow Wizards"]
[WhiteFideId "13602543"]
[BlackFideId "4147332"]
[EventDate "2019.01.08"]

1. d4 Nf6 2. c4 g6 3. g3 c5 4. Nf3 cxd4 5. Nxd4 h5 6. Nf3 Nc6 7. b3 h4 8. Nxh4
Ne4 9. Bb2 Rxh4 10. gxh4 e5 11. Bg2 Bb4+ 12. Kf1 Qxh4 13. Bxe4 Qxe4 14. Qd5 Qc2
15. Ba3 d6 16. Qd3 Qxd3 17. exd3 Bh3+ 18. Ke2 Bg4+ 19. Ke3 a5 20. f3 Bh5 21.
Bxb4 axb4 22. Nd2 Nd4 23. Rhc1 Kd7 24. Kf2 f5 25. h4 b6 26. Ke3 Ra3 27. Kf2 Kc6
28. Ke3 Ra7 29. Kf2 Ne6 30. Ke3 Nc5 31. a3 bxa3 32. b4 Ne6 33. Nb3 Ra4 34. b5+
Kd7 35. Rc3 d5 36. Kf2 d4 37. Rc2 Kd6 38. Rca2 Nf4 39. Rd1 Ra8 40. Na1 g5 41.
hxg5 Nh3+ 42. Kg3 Nxg5 43. Kh4 Bxf3 44. Rg1 f4 45. Kxg5 Rg8+ 46. Kf6 Rxg1 47.
Rxa3 Be2 48. Ra6 f3 49. Rxb6+ Kc7 50. Rc6+ Kd8 51. b6 f2 52. b7 f1=Q+ 53. Kxe5
Rg5+ 54. Kxd4 Qxa1+ 55. Ke3 Re5+ 56. Kf4 Qd4+ 0-1

[Event "PRO League Group Stage"]
[Site "chess.com INT"]
[Date "2019.01.17"]
[Round "2"]
[White "Dobrov, Vladimir"]
[Black "Quparadze, Giga"]
[Result "0-1"]
[WhiteTitle "GM"]
[BlackTitle "GM"]
[WhiteElo "2478"]
[BlackElo "2493"]
[WhiteTeam "Moscow Wizards"]
[BlackTeam "Tbilisi Gentlemen"]
[WhiteFideId "4136594"]
[BlackFideId "13602250"]
[EventDate "2019.01.08"]

1. Nf3 c5 2. b3 d6 3. Bb2 e5 4. c4 f5 5. Nc3 Nf6 6. e3 Nc6 7. d4 cxd4 8. exd4 e4
9. d5 Ne5 10. Nd4 g6 11. Be2 Bg7 12. Qd2 O-O 13. O-O-O Nfg4 14. Bxg4 Nd3+ 15.
Kb1 Bxd4 16. Bh3 Nxb2 17. Kxb2 Bg7 18. f3 a6 19. fxe4 b5 20. Kc2 bxc4 21. b4 Qb6
22. Rhf1 Qxb4 23. exf5 Bd7 24. f6 Ba4+ 25. Nxa4 Qxa4+ 26. Kc1 Rxf6 27. Rxf6 Bxf6
28. Be6+ Kg7 29. Rf1 c3 30. Qf2 Bg5+ 31. Kb1 c2+ 32. Ka1 c1=Q+ 33. Rxc1 Bf6+ 0-1

[Event "PRO League Group Stage"]
[Site "chess.com INT"]
[Date "2019.01.17"]
[Round "2"]
[White "Dordzhieva, Dinara"]
[Black "Volkov, Nika"]
[Result "0-1"]
[WhiteTitle "WIM"]
[WhiteElo "2340"]
[BlackElo "2153"]
[WhiteTeam "Moscow Wizards"]
[BlackTeam "Tbilisi Gentlemen"]
[WhiteFideId "24157570"]
[BlackFideId "13604376"]
[EventDate "2019.01.08"]

1. Nf3 d5 2. g3 Bg4 3. Bg2 Nd7 4. d4 c6 5. O-O e6 6. Nbd2 Ngf6 7. Re1 Bd6 8. e4
dxe4 9. Nxe4 Nxe4 10. Rxe4 Bf5 11. Re1 O-O 12. Nh4 Qf6 13. Nxf5 exf5 14. c3 Rae8
15. Bd2 f4 16. Qf3 g5 17. Qg4 Nb6 18. b3 Qg6 19. gxf4 gxf4 20. Qf3 Nd5 21. Kh1
Kh8 22. c4 Bb4 23. Rxe8 Rxe8 24. Bxb4 Nxb4 25. Qxf4 Nd3 26. Qg3 Re2 27. Qxg6
hxg6 28. Kg1 Kg7 29. d5 cxd5 30. cxd5 Rd2 31. a4 a5 32. d6 Nc5 33. Rc1 b6 34.
Rc4 Rxd6 35. b4 Rd1+ 36. Bf1 Nd3 37. bxa5 bxa5 38. Kg2 Ne1+ 39. Kg3 Ra1 40. Be2
Ra2 41. Re4 f5 42. Re8 Rxa4 43. Bb5 Ra3+ 44. Kf4 Nf3 45. Bc4 Nxh2 46. Rg8+ Kf6
47. Rf8+ Ke7 48. Rg8 Rf3+ 49. Kg5 Rxf2 50. Rg7+ Kd6 51. Rxg6+ Kc5 52. Be6 f4 53.
Rf6 Nf3+ 54. Kg4 Ne5+ 55. Kf5 Nc6 56. Ke4 f3 57. Rxf3 Rxf3 0-1